Bilecik Bilecik Bilecik Bilecik Bilecik

Mevlana/ (Record no. 72644)

MARC details
000 -BAŞLIK
Sabit Uzunluktaki Kontrol Alanı 01251nam a22003737a 4500
001 - KONTROL NUMARASI
Control Dosyası 0071890
003 - KONTROL NUMARASI KİMLİĞİ
Kontrol Alanı KOHA_MİRAKIL
005 - EN SON İŞLEM TARİHİ ve ZAMANI
Kontrol Alanı 20260207005031.0
007 - FİZİKSEL TANIM SABİT ALAN - GENEL BİLGİ
Sabit uzunluklu kontrol alanı ta
008 - SABİT UZUNLUKTAKİ VERİ ÖGELERİ - GENEL BİLGİ
Sabit Alan 240913b2024 tu |||gr||||#0|||1|tur |
020 ## - ISBN - ULUSLARARASI STANDART KİTAP NUMARASI
Isbn 9789944486491
040 ## - KATALOGLAMA KAYNAĞI
Özgün Kataloglama Kurumu TR-BiSEU
Kataloglama Dili tur
Çeviri Kurumu TR-BiSEU
Açıklama Kuralları rda
041 0# - DİL KODU
Metin ya da ses kaydının dil kodu tur
044 ## - YAYINLAYAN/ÜRETEN KURULUŞUN ÜLKE KODU
ISO country code tu
050 ## - SINIFLAMA ve YER NUMARASI
Sınıflama Numarası PK6482
Yer Numarası .M48 2024
245 0# - ESER ADI BİLDİRİMİ
Başlık Mevlana/
Sorumluluk Bildirimi Günümüz türkçesine çeviren İskender Pala .
250 ## - BASIM BİLDİRİMİ
Basım Bildirimi 18. basım
264 #1 - ÜRERİM, YAYIN, DAĞITIM ve TELİF BİLDİRİMİ
Yayın yeri İstanbul :
Yayınlayan Kapı Yayınları
Yayın tarihi 2024
300 ## - FİZİKSEL TANIMLAMA
Sayfa, Cilt vb. 120 sayfa: resimli; 20 cm.
336 ## - İÇERİK TÜRÜ
Content type term metin
Content type code txt
Source rdacontent
337 ## - MEDYA TÜRÜ
Media type term aracısız
Media type code n
Source rdamedia
338 ## - TAŞIYICI TÜRÜ
Carrier type term cilt
Carrier type code nc
Source rdacarrier
490 1# - DİZİ BİLDİRİMİ
Dizi Bildirimi Kapı Yayınları ;
Cilt Numarası 136.
490 1# - DİZİ BİLDİRİMİ
Dizi Bildirimi İskender Pala bütün eserleri ;
Cilt Numarası 36
650 #0 - KONU BAŞLIĞI EK GİRİŞ - KONU TERİMİ
Konusal terim veya coğrafi ad Mevlana Celaleddin Rumi, 1207-1273.
9 (RLIN) 16298
650 #0 - KONU BAŞLIĞI EK GİRİŞ - KONU TERİMİ
Konusal terim veya coğrafi ad Tasavvuf edebiyatı.
9 (RLIN) 46083
650 #0 - KONU BAŞLIĞI EK GİRİŞ - KONU TERİMİ
Konusal terim veya coğrafi ad Divan edebiyatı--Mevlevilik.
9 (RLIN) 142525
650 #0 - KONU BAŞLIĞI EK GİRİŞ - KONU TERİMİ
Konusal terim veya coğrafi ad Sufilik--Dini kıssalar.
9 (RLIN) 142526
650 #0 - KONU BAŞLIĞI EK GİRİŞ - KONU TERİMİ
Konusal terim veya coğrafi ad Mevlana Celaleddin Rumi, 1207-1273.Sufi literature.Divan literature--Mevlevi.Sufism--Religious stories.
9 (RLIN) 142527
830 1# - SERİ EK GİRİŞİ - TEKBİÇİM ESER ADI
Tekbiçim Başlık Kapı Yayınları ;
Volume number/sequential designation 136.
9 (RLIN) 14431
830 1# - SERİ EK GİRİŞİ - TEKBİÇİM ESER ADI
Tekbiçim Başlık İskender Pala bütün eserleri ;
Volume number/sequential designation 36
9 (RLIN) 45730
907 ## - LOCAL DATA ELEMENT G, LDG (RLIN)
a Tasavvuf
942 ## - EK GİRİŞ ÖGELERİ (KOHA)
Source of classification or shelving scheme Library of Congress Classification
Koha item type Book
Holdings
Materyal Türü Kalıcı Konum Mevcut Konum Raf Yeri Sınıflandırma Kaynağı Edinim Bilgisi Ana Konular Alt Konular Yer Numarası Demirbaş Numarası Fatura Tarihi Geri Çekilme Durumu Kayıp Durumu Hasarlı Durumu Kredi için değil Kayıt Tarih Toplam Ödünçverme Son Görülme Tarihi Son Kontrol Tarihi
Book Prof. Dr. Azmi Özcan Kütüphanesi Prof. Dr. Azmi Özcan Kütüphanesi Birûni Salonu Library of Congress Classification Satın DİL VE EDEBİYAT Hint-İran Dilleri ve Edebiyatları PK6482 .M48 2024 0071890 02/02/2026         13/09/2024   17/03/2025 17/03/2025